Clubs de Ligue 1 (2020-2021) - Statistiques

Statistiques générales
  • Ce quiz a été pris 147 fois
  • Le résultat moyen est 18 sur 20
Statistiques - réponses
% Correct
Ligue 1 Paris Saint-Germain
100%
Ligue 1 Olympique de Marseille
98%
Ligue 1 Girondins de Bordeaux
97%
Ligue 1 LOSC Lille
97%
Ligue 1 Olympique Lyonnais
97%
Ligue 1 RC Lens
97%
Ligue 1 Stade Rennais FC
97%
Ligue 1 AS Monaco
96%
Ligue 1 FC Nantes
96%
Ligue 1 RC Strasbourg Alsace
95%
Ligue 1 OGC Nice
94%
Ligue 1 Stade Brestois 29
92%
Ligue 1 AS Saint-Étienne
91%
Ligue 1 FC Metz
89%
Ligue 1 Montpellier MHSC
88%
Ligue 1 FC Lorient
87%
Ligue 1 Stade de Reims
86%
Ligue 1 Angers SCO
82%
Ligue 1 Nîmes Olympique
77%
Ligue 1 Dijon FCO
75%
Aucun quiz correspondant
Distribution des résultats
% des personnes avec chaque résultat
Percentile par nombre de réponses
Votre historique - résultats
Vous n’avez pas pris ce quiz